000 01617nam a2200373 c 4500
999 _c75855
_d75855
003 BLK
005 20240312091535.0
008 180408b bul|||||r ||||||| ||bul||
010 _aKNG00080277000
020 _a978-954-92061-3-5
040 _aBLK
041 _aBUL
_cBUL
080 _aМетоди на управление. Мениджмънт. Анализи, планиране, ръководство, сътрудничество, контрол, коопериране и др.
_b005.5
_z005.5
139 _aУправление на екипи
_bУ 73
245 1 0 _aУправление на екипи
_bЕкспертни отговори на ежедневни предизвикателства
_cпрев. от англ. Десислава Любомирова Бошнакова.
257 _aUSA
260 _bМениджър
_c2007
_fСофия : Манта Принт
300 _a100 с.
_c18 см
380 _a0
490 1 _aСерия Джобен наставник
_v3
500 _aОриг. загл. LeadingTeams. - Библиогр. с. 93-100.
650 4 _aУправление - кадри
_9253118
653 _aуправление
653 _aработа в екип
653 _aуправленски решения
700 _aБошнакова, Десислава Любомирова
_9369109
852 _aЦб І 32836
856 4 _qpdf
856 4 _qpdf
942 _cKNG
_n0
_06
_s1
944 _aCR
_c07.01.2008
_lКети Илиева
_k30550
944 _aED
_c23.11.2016
_lф /
_kЛюдмила_Стоянова
999 _d75855